Advanced local goverment and regional administration development / (Record no. 98768)
[ view plain ]
| 000 -LEADER | |
|---|---|
| fixed length control field | 01335nam a22003497a 4500 |
| 003 - CONTROL NUMBER IDENTIFIER | |
| control field | URS |
| 005 - DATE AND TIME OF LATEST TRANSACTION | |
| control field | 20260223164112.0 |
| 008 - FIXED-LENGTH DATA ELEMENTS--GENERAL INFORMATION | |
| fixed length control field | 260216t2024 ph ||||| |||| 001 0 eng d |
| 020 ## - INTERNATIONAL STANDARD BOOK NUMBER | |
| International Standard Book Number | 9786214271962 |
| 040 ## - CATALOGING SOURCE | |
| Original cataloging agency | DLC |
| Language of cataloging | eng |
| Transcribing agency | DLC |
| Modifying agency | URS |
| -- | DLC |
| Description conventions | rda |
| 082 ## - DEWEY DECIMAL CLASSIFICATION NUMBER | |
| Classification number | 352.609599 |
| Item number | Ad951 2024 |
| 100 ## - MAIN ENTRY--PERSONAL NAME | |
| Personal name | Abante, Marmelo V., |
| Relator term | authors. |
| 245 ## - TITLE STATEMENT | |
| Title | Advanced local goverment and regional administration development / |
| Statement of responsibility, etc. | Marmelo V. Abante, ...[and nine others]. |
| 264 ## - PRODUCTION, PUBLICATION, DISTRIBUTION, MANUFACTURE, AND COPYRIGHT NOTICE | |
| Place of production, publication, distribution, manufacture | Intramuros, Manila: |
| Name of producer, publisher, distributor, manufacturer | Unlimated Books Library Services & Publishing Inc., |
| Date of production, publication, distribution, manufacture, or copyright notice | [2024] |
| 300 ## - PHYSICAL DESCRIPTION | |
| Extent | viii, 377 pages |
| Dimensions | 25.5 cm |
| 336 ## - CONTENT TYPE | |
| Source | rdacontent |
| Content type term | text |
| Content type code | txt |
| 337 ## - MEDIA TYPE | |
| Source | rdamedia |
| Media type term | unmediated |
| Media type code | n |
| 338 ## - CARRIER TYPE | |
| Source | rdacarrier |
| Carrier type term | volume |
| Carrier type code | nc |
| 504 ## - BIBLIOGRAPHY, ETC. NOTE | |
| Bibliography, etc. note | Includes bibliographical references (pages 375-377), and indexes. |
| 650 ## - SUBJECT ADDED ENTRY--TOPICAL TERM | |
| Topical term or geographic name entry element | Local government. |
| Geographic subdivision | Philippines. |
| 650 ## - SUBJECT ADDED ENTRY--TOPICAL TERM | |
| Topical term or geographic name entry element | Regional administration. |
| Geographic subdivision | Philippines. |
| 700 ## - ADDED ENTRY--PERSONAL NAME | |
| Personal name | Asturias, Peter M., |
| Relator term | authors. |
| 700 ## - ADDED ENTRY--PERSONAL NAME | |
| Personal name | Dela Cruz, Estarlita G., |
| Relator term | authors. |
| 700 ## - ADDED ENTRY--PERSONAL NAME | |
| Personal name | Julianes Melchor, |
| Relator term | authors. |
| 700 ## - ADDED ENTRY--PERSONAL NAME | |
| Personal name | Abrenica, Ceilo M., |
| Relator term | co-authors. |
| 700 ## - ADDED ENTRY--PERSONAL NAME | |
| Personal name | Pancho, Ronald L., |
| Relator term | co-authors. |
| 700 ## - ADDED ENTRY--PERSONAL NAME | |
| Personal name | Simbre, Roland M., |
| Relator term | co-authors. |
| 700 ## - ADDED ENTRY--PERSONAL NAME | |
| Personal name | Soriano, Imelda I., |
| Relator term | co-authors. |
| 700 ## - ADDED ENTRY--PERSONAL NAME | |
| Personal name | Tiamzon, Elenita M., |
| Relator term | co-authors. |
| 700 ## - ADDED ENTRY--PERSONAL NAME | |
| Personal name | Quintos, Darwin G., |
| Relator term | co-authors. |
| 942 ## - ADDED ENTRY ELEMENTS (KOHA) | |
| Source of classification or shelving scheme | Dewey Decimal Classification |
| Koha item type | Filipiniana |
| Withdrawn status | Source of classification or shelving scheme | Damaged status | Not for loan | Home library | Current library | Shelving location | Date acquired | Total Checkouts | Full call number | Barcode | Date last seen | Price effective from | Koha item type |
|---|---|---|---|---|---|---|---|---|---|---|---|---|---|
| Dewey Decimal Classification | Pililla College Library | Pililla College Library | Filipiniana Section | 02/16/2026 | 352. 609599 Ad951 2024 | URSPIL-7487 | 02/16/2026 | 02/16/2026 | Filipiniana |